Ocarina of Time Characters - Statistics

General Stats
  • This quiz has been taken 44 times
  • The average score is 13 of 17
Answer Stats
Hint Answer % Correct
Hero Link
100%
Goron Leader's Son Link the Goron
100%
Evil Gerudo King Ganondorf
98%
VERY ANNOYING FAIRY Navi
98%
Princess Princess Zelda
98%
Talking Tree Great Deku Tree
93%
Hero's Best Friend Saria
91%
Princess's Disguise Sheik
89%
Princess's Assistant Impa
84%
Zora Princess Princess Ruto
84%
Goron Leader Darunia
75%
Boss of the Kokiri Mido
64%
Gerudo Sage Nabooru
61%
Hylian Sage Rauru
57%
Owl Kaepora Gaebora
55%
Zora King King Zora
52%
Gerudo Captain Aveil
14%
No matching quizzes found
Score Distribution
Percent of People with Each Score
Percentile by Number Answered
Your Score History
You have not taken this quiz